| 000 | 00000nam##2200000za#4500 |
| 001 | 9.639074 |
| 003 | CaOODSP |
| 005 | 20210624222002 |
| 007 | cr ||||||||||| |
| 008 | 150407|2009||||xxc|||||o f|0| 0 fre|d |
| 040 | |aCaOODSP|bfre |
| 043 | |an-cn--- |
| 086 | 1 |aNH15-83/1-2009F-PDF |
| 110 | 2 |aSociété canadienne d'hypothèques et de logement. |
| 245 | 10|aL'air et l'humidité : |h[ressource électronique]|bguide du propriétaire - problèmes et solutions |
| 250 | |aRévision |
| 260 | |aOttawa - Ontario : |bSociété canadienne d'hypothèques et de logement |c2009, c2004. |
| 300 | |a28p.|bill. en couleur |
| 500 | |aDonnées de catalogage avant publication (Canada) imprimées dans cette publication. |
| 500 | |a«c1982, c1987, c2004, révision 2006, 2008, 2009.»--Page 2 de 28. |
| 590 | |a11-16-Supp|b2011-08-25 |
| 691 | 07|aLogement|2gcpds |
| 856 | 40|ahttp://publications.gc.ca|qPDF|s1535 Ko|uhttps://publications.gc.ca/collections/collection_2011/schl-cmhc/NH15-83-1-2009-fra.pdf |
| 986 | |a61227 |